000
00287nam a2200109 4500
008
230925b |||||||| |||| 00| 0 eng d
022
_a
0973-1296
245
_a
Pharmacognosy Magazine
260
_a
New Delhi
_b
Sage
_c
2023
300
_a
vol.19,no.3
_b
illus.
_c
28cm
942
_2
ddc
_c
SR
_m
PHA
_s
1
999
_c
198528
_d
198528